000 00728nam a22002417a 4500
001 BR9208109
003 BR-BrBNA
005 20230928093656.0
007 ta
008 230509b bl.||||| |||| 00| 0 por d
040 _aBR-BrBNA
_bpor
_cBiblioteca Nacional de Agricultura
041 _a(Por)
072 _aC10
090 _ C10 BR9208109
110 1 _aMinisterio da Educacao e Cultura, Brasilia, DF (Brasil)
_97005
245 1 _aEscola de 1. grau de 5. a 8. series com pre-qualificacao em agropecuaria. Diretrizes de organizacao e funcionamento
260 3 _aBrasilia, DF (Brasil):
_c1989.
300 _a50 p.
650 _aESCOLA
650 _aENSINO AGRICOLA
909 _a202309
_bLucia
_c55
_dLucia Elande
942 _cBK
999 _c46413
_d46413